[Event "Marienbad IM-III 2022"]
[Site "Marianske Lazne"]
[Date "2022.01.17"]
[Round "3.22"]
[White "Krawczyk, Flawian"]
[Black "Mica, Marek"]
[Result "1/2-1/2"]
[WhiteElo "2114"]
[BlackElo "2303"]
[Annotator "TA"]
[PlyCount "150"]
[EventDate "2022.01.15"]
[EventType "tourn"]
[EventCountry "CZE"]
[SourceTitle "playchess.com"]
[Source "ChessBase"]
[SourceQuality "1"]

{[%evp 9,150,23,33,28,30,22,58,0,0,-29,-29,-77,-79,-62,0,0,33,36,38,31,36,0,0,0,0,-7,-6,-18,0,-19,0,-21,-15,-16,-17,-31,-21,-42,-34,-27,-20,-22,-9,-6,0,-20,-20,-19,-20,-25,-11,-12,-12,-25,-20,-22,-8,-25,-8,-25,-8,-25,-25,-25,-25,-35,-17,-25,-25,-25,-8,-61,-61,-60,-60,-61,-64,-69,-69,-69,-69,-69,-69,-69,-69,-69,-69,-69,-69,-69,-25,-25,-25,-69,-69,-125,-87,-87,-87,-116,-116,-157,-116,-201,-195,-193,-201,-154,-116,-116,-93,-91,-95,-95,-25,-95,-103,-116,-116,-116,-109,-116,-88,-95,0,-116,0,-116,0,-116,-116,-116,-99,-116,-116,-116,-100,-115,-86,-172,-172,-136,0]} 1. d4 Nf6 2. c4 e6 3. Nf3 d5 4. g3 Bd6 5. Bg2 h6 6. O-O {E01: Catalan: Early deviations.} O-O 7. Qc2 Nc6 8. Nc3 ({White should try} 8. a3 $14) 8... dxc4 $11 9. e4 {aiming for e5.} e5 10. d5 (10. Be3 $11) 10... Nb4 $17 ({Resist} 10... Nd4 11. Nxd4 exd4 12. Nb5 $14) 11. Qe2 Nd3 (11... c6 $1 $15 12. dxc6 bxc6) 12. Nd2 $1 $11 {[#]} b6 $146 ({Predecessor:} 12... Bc5 13. Nxc4 Nxc1 14. Raxc1 Qe7 15. Kh1 a6 16. a4 Bd7 17. f4 exf4 18. gxf4 Ng4 {½-½ (52) Olsson,W (2242)-Pantzar,M (2421) Helsingborg 2021}) 13. Nxc4 Nxc1 14. Rfxc1 Ba6 {[%cal Oc7c6]} 15. a4 (15. Rab1 {with more complications.} Bc5 16. b4 Bd4 17. a4 Ne8 18. Nb5) 15... Bxc4 16. Qxc4 a5 17. Nb5 Bc5 18. Qe2 Qe7 19. Bh3 Ne8 20. Rc2 Nd6 (20... g6 {feels hotter.} 21. Na3 h5 22. Nb1 h4 23. Nd2 Nd6) 21. Rf1 g6 22. Nxd6 cxd6 23. Qd3 Kg7 24. Kh1 Rae8 25. Re2 h5 26. f4 Qf6 27. f5 g5 {And now ...g4 would win.} 28. g4 Rh8 29. Rg2 Rh6 30. gxh5 Rxh5 31. Bg4 Rh4 32. Rf3 Reh8 33. h3 R8h6 34. Kh2 Kf8 35. Qb5 Qe7 36. Qc6 f6 37. Qc8+ Kg7 38. Rfg3 Rh8 39. Qa6 Qd7 40. Qb5 (40. Rc2 $11) 40... Qxb5 $15 41. axb5 a4 42. Rc3 {[%cal Ob2b4]} Ra8 43. Rgc2 Kf7 44. Kg2 Ke8 45. Kf1 Kd7 46. Kg2 Ra5 47. b4 axb3 $1 (47... Bxb4 $2 {gets mated.} 48. Rc7+ Kd8 49. Rc8+ Ke7 50. R2c7#) 48. Rxb3 Ra4 49. Rbb2 Rh8 (49... Rxe4 $2 50. Ra2 Rhxg4+ 51. hxg4 $18) (49... Kc7 $15 {might be stronger.}) 50. Ra2 $11 Ra5 51. Rxa5 (51. Be2 $1 $11 {deserves consideration.}) 51... bxa5 {[%mdl 4096] Endgame KRB-KRB} 52. Rc4 (52. Ra2 $15) 52... Rb8 53. Bd1 Kc7 54. Ba4 Rh8 55. Rc3 (55. b6+ $142 Kxb6 56. Rc1) 55... Rh4 (55... Kb6 $142 56. Rc1 Rh4) 56. Rc4 (56. b6+ $17 {is a better defense.} Kxb6 57. Rc4) 56... Kb6 $19 57. Kg3 Rf4 58. Kg2 Kc7 59. Kg3 Kd8 60. Bc2 Ke7 61. Bd3 {[#]} Rh4 ({Better is} 61... Kd7 $1 $17) 62. Bc2 (62. Ra4 $11) 62... Kd7 $17 63. Ba4 Kd8 64. Bc2 Ke7 65. Ba4 Rf4 66. Bc2 Rh4 67. Ba4 $1 Kd8 68. Bc2 $1 Kd7 69. Ba4 $1 Kc8 70. Bc2 Kb8 71. Ba4 Ka8 72. Bc2 Ka7 73. Ba4 Kb6 74. Kg2 Rf4 75. Kg3 {[#]} Rh4 {Weighted Error Value: White=0.14 (very precise) /Black=0.09 (flawless)} (75... Ba3 $1 $17 76. Rc3 (76. Rc6+ Kb7 $17) 76... Bb4 77. Rc6+ Kb7) 1/2-1/2

[Event "Marienbad IM-III 2022"]
[Site "Marianske Lazne"]
[Date "2022.01.17"]
[Round "3.23"]
[White "Hollan, Martin"]
[Black "Kantorik, Marian"]
[Result "1-0"]
[WhiteElo "2361"]
[BlackElo "2209"]
[Annotator "TA"]
[PlyCount "119"]
[EventDate "2022.01.15"]
[EventType "tourn"]
[EventCountry "CZE"]
[SourceTitle "playchess.com"]
[Source "ChessBase"]
[SourceQuality "1"]

{[%evp 9,119,42,28,12,32,26,58,23,47,10,35,21,30,13,28,12,4,0,0,-37,0,-16,6,-19,-14,-17,-25,-31,-16,-58,-63,-224,-210,-180,-192,-189,-208,-189,-164,-177,-175,-171,-179,-157,-155,-160,-152,-154,-137,-156,-156,-189,-151,-137,0,-98,-66,-77,-81,-66,-28,-31,0,0,0,-54,0,0,0,0,0,0,0,0,0,0,0,0,0,0,0,0,163,148,493,478,512,498,469,410,611,541,2375,2159,12840,12840,12841,12841,12840,12836,12837,0,592,586,612,612,462,435,761,509,12844,12844]} 1. e4 e6 2. d4 d5 3. Nd2 f5 4. e5 Nh6 5. Ngf3 Nf7 {[#]} 6. c4 $146 {C03: French Tarrasch: Unusual Black 3rd moves.} ({Predecessor:} 6. Nb3 b6 7. Be3 Be7 8. Qd2 Ba6 9. Bxa6 Nxa6 10. Qe2 Qc8 11. O-O g5 12. Rac1 {1-0 (39) Uricar,Z (1837)-Hava,J (1775) Frymburk 2002}) 6... c6 7. Bd3 b6 8. O-O {White is slightly better.} Be7 9. Rb1 a5 10. a3 O-O 11. b4 axb4 12. axb4 dxc4 13. Bxc4 b5 14. Bd3 Ra4 15. Bc2 (15. Nb3 $5 {[%cal Rb3c5]}) 15... Ra8 16. Qe2 Na6 {[%cal Bb8a6,Ba6c7,Bc7d5][%mdl 32]} 17. Ba3 Nc7 18. Rb3 Nd5 19. Rd1 (19. Nb1 $11) 19... Ra4 $15 {[%cal Ba8a4,Ba4b4,Bb4b2,Bb2c2][%mdl 32]} 20. g4 $2 (20. Nb1 $15) 20... Bxb4 (20... Nxb4 21. Bxb4 Rxb4 22. gxf5 exf5 23. e6 $15) 21. Bxb4 Nxb4 (21... Rxb4 22. gxf5 Rxb3 23. Nxb3 $17) 22. Rxb4 Rxb4 23. gxf5 Rb2 (23... exf5 24. e6 Bxe6 25. Qxe6 $16) 24. Qd3 {[%cal Of5f6]} exf5 {Strongly threatening ...Be6.} 25. Qc3 {[#]} Rxc2 26. Qxc2 Qd5 27. Ra1 Nd8 28. Ra7 Ne6 29. Qb3 Qd8 $1 30. Qb4 Rf7 31. Ra8 Rf8 (31... Nc7 $17 32. Ra1 Nd5) 32. Qd6 (32. Ra7 $1 $11 {keeps the balance.}) 32... Qe8 33. Nb3 $1 Qg6+ 34. Kf1 f4 (34... Nf4 $5 {[%cal Rg6g2]} 35. Qxg6 Nxg6 $15) 35. Qxc6 Qd3+ (35... Nxd4 $5 36. Qxg6 (36. Nfxd4 $2 Qxc6 37. Nxc6 Bh3+ 38. Ke2 Rxa8 $19) 36... hxg6 37. Rxc8 Nxf3 $15) 36. Kg2 {Chess con chili.} Qg6+ 37. Kf1 {[#]} Qd3+ (37... Nxd4 $1 $15 38. Qxg6 (38. Nfxd4 $2 Qxc6 39. Nxc6 Bh3+ 40. Ke2 Rxa8 $19) 38... hxg6 39. Rxc8 Nxf3) 38. Kg2 $11 Qg6+ 39. Kh1 Qb1+ 40. Ng1 Qxb3 41. Rxc8 Rxc8 (41... Nxd4 $2 42. Rxf8+ Kxf8 43. Qd6+ Ke8 44. Qxd4 $18) 42. Qxc8+ Nf8 43. Qc6 {Inhibits Qd5+.} Qc4 44. Qxc4+ bxc4 {[%mdl 4096] Endgame KN-KN} 45. Kg2 {Ne2 is the strong threat.} Ne6 $2 (45... c3 $1 $11 46. Ne2 c2) 46. Ne2 $18 g5 $2 {[%mdl 8192] [#]} (46... Ng5 $16 {is a better chance.} 47. f3 (47. Nxf4 c3 $16) 47... Ne6) 47. Kf3 $1 h5 48. Ke4 Kf7 49. Nc3 (49. d5 Nc5+ 50. Kf5 g4 $18) 49... f3 (49... Ke7 $142 50. d5 Ng7) 50. d5 Nc5+ 51. Kf5 {Hoping for e6+.} g4 52. e6+ Ke7 53. Nb5 Nb7 54. Ke5 h4 55. Kf4 $2 (55. d6+ $18 Nxd6 56. Nxd6) 55... Nd6 $2 {[%mdl 8192] [#]} (55... g3 $1 $11 {and Black has nothing to worry.} 56. hxg3 h3 57. Kxf3 Nc5) 56. Nc3 $1 {White is clearly winning.} Kf6 57. Kxg4 {Black must now prevent Kf4.} Ke5 58. e7 {[%cal Oc3b5] And now Nb5! would win.} Ne8 (58... Kf6 $142 59. Kxh4 (59. Kxf3 Kxe7 60. Kg4 Ne8 $18) 59... Kxe7) 59. Kxf3 Kd4 {[#]} (59... Kf6 $142 60. Ne4+ Kxe7) 60. d6 $1 {Quite a comeback for White.  Weighted Error Value: White=0.27 (precise) /Black=0.48} 1-0

[Event "Marienbad IM-III 2022"]
[Site "Marianske Lazne"]
[Date "2022.01.17"]
[Round "3.24"]
[White "Pourquet, Matthieu"]
[Black "Schmider, Niklas"]
[Result "0-1"]
[WhiteElo "2169"]
[BlackElo "2330"]
[Annotator "TA"]
[PlyCount "60"]
[EventDate "2022.01.15"]
[EventType "tourn"]
[EventCountry "CZE"]
[SourceTitle "playchess.com"]
[Source "ChessBase"]
[SourceQuality "1"]

{[%evp 15,60,-19,5,-4,0,-7,0,-9,0,-14,0,0,0,-23,-14,0,0,-50,-38,-37,-26,-60,-59,-102,-111,-116,-69,-161,-56,-157,-160,-277,-175,-203,-212,-322,-311,-564,-550,-614,-629,-671,-646,-938,-921,-1353,-1318]} 1. c4 Nf6 2. Nf3 e6 3. g3 d5 4. Bg2 Be7 5. O-O O-O 6. d4 dxc4 7. Na3 Bxa3 8. bxa3 Bd7 9. a4 {E05: Open Catalan: 5 Nf3 Be7.} Bc6 10. Ba3 Re8 11. Qc2 {[#] The position is equal.} Nbd7 $146 ({Predecessor:} 11... Bd5 12. Rfe1 Nbd7 13. e4 Bc6 14. Nd2 a5 15. Nxc4 Nb6 16. Nxb6 cxb6 17. Bb2 Qd7 {1-0 (48) Cordova,E (2571)-Slade,T (2124) Saint Louis 2019}) 12. Rac1 a5 13. Qxc4 Nb6 {[%csl LRa4,LRc4]} 14. Qc3 Nfd5 15. Qd2 Bxa4 16. Rc5 {Inhibits Bb5.} (16. e4 $11 Nb4 17. Bxb4 axb4 18. Qxb4) 16... c6 17. e4 Nf6 18. Qf4 Bb5 {Hoping for ...Na4.} 19. Rfc1 {[#]} (19. Rd1 $15 {might be stronger.}) 19... Na4 $1 $17 20. Re5 Rc8 (20... Qb8 $17 21. Qh4 h6) 21. h4 ({Better is} 21. h3 $15) 21... Ba6 (21... c5 $19 22. Bxc5 (22. dxc5 Qd3 $17) 22... Nd7) 22. Bh3 (22. d5 $1 $15) 22... b5 23. Bc5 (23. Bf1 $17 {keeps fighting.}) 23... Nd7 {[%cal Bf6d7,Bd7f8,Bf8g6,Bg6e5][%mdl 32] ...b4 is the strong threat. Pair of Knights!} 24. Rg5 Naxc5 25. dxc5 {[#]} (25. Rgxc5 $142 Nxc5 26. Rxc5) 25... h6 $1 $19 26. Rd1 $2 (26. Ne5 Nf6 27. Rg4) 26... hxg5 {Black is clearly winning.} 27. hxg5 {[%cal Og5g6]} Qe7 28. g6 Nf8 29. Ng5 {[%cal Rg6f7]} Nxg6 30. Qg4 Ne5 {Weighted Error Value: White=0.69/Black=0.12 (very precise)} 0-1

[Event "Marienbad IM-III 2022"]
[Site "Marianske Lazne"]
[Date "2022.01.17"]
[Round "3.25"]
[White "Mannion, Stephen R"]
[Black "Bubalovic, Davorin"]
[Result "0-1"]
[WhiteElo "2267"]
[BlackElo "2220"]
[Annotator "TA"]
[PlyCount "78"]
[EventDate "2022.01.15"]
[EventType "tourn"]
[EventCountry "CZE"]
[SourceTitle "playchess.com"]
[Source "ChessBase"]
[SourceQuality "1"]

{[%evp 12,78,12,8,47,41,53,38,39,43,56,45,53,46,45,8,16,0,0,-14,11,12,24,24,15,0,0,0,0,-17,-11,-56,-16,-56,-56,-87,-38,-87,-56,-125,-126,-126,-126,-126,-91,-92,-80,-98,-100,-120,-75,-101,-75,-99,-99,-150,-151,-242,-216,-217,-223,-383,-375,-495,-466,-29979,-29980,-6399,-6303]} 1. e4 c5 2. Nf3 d6 3. d4 cxd4 4. Nxd4 Nf6 5. Nc3 a6 6. Bd3 e5 7. Nde2 b5 {B90: Sicilian Najdorf: Unusual White 6th moves, 6 Be3 Ng4 and 6 Be3 e5.} 8. Bg5 Be7 9. a4 {[#]} b4 $146 {White is slightly better.} ({Predecessor:} 9... bxa4 10. Rxa4 Nbd7 11. O-O O-O 12. Ng3 Nc5 13. Ra1 Rb8 14. Bxf6 Bxf6 15. b3 g6 {0-1 (32) Korostelev,S (2184)-Trotsenko,D (2273) Cheliabinsk 2007}) 10. Bxf6 Bxf6 11. Nd5 Nc6 12. O-O O-O 13. Nxf6+ (13. a5 {seems wilder.} Bg5 14. Ra4 Rb8 15. b3 Bh6 16. Qe1) 13... Qxf6 14. Qd2 Be6 15. b3 Rfd8 16. f4 exf4 17. Nxf4 Qd4+ 18. Kh1 Ne5 19. Rad1 Qc5 20. Be2 a5 21. Nd3 (21. h3 $11 {deserves consideration.}) 21... Qc7 22. h3 Rac8 23. Rc1 Qb6 (23... Qb7 $17) 24. Rfd1 (24. Nf4 $15 {was preferrable.}) 24... h6 {Black is much more active.} 25. Qf4 ({White should try} 25. Nf4 $15) 25... Ng6 $1 $17 26. Qg3 {[#]} Rc3 $1 27. Bg4 {Hoping for Bxe6.} Bxg4 28. Qxg4 Qc7 29. Rd2 {[#]} Re8 $1 30. Qf5 Re6 ({Black should play} 30... Ne5 31. Rf1 Rxc2 32. Rxc2 Qxc2 33. Nxe5 Rxe5 34. Qxf7+ Kh7) 31. Qd5 Rf6 32. Re2 Kh7 33. Qd4 (33. Rd2 $142) 33... Ne5 34. Rd2 (34. Nxe5 $17 {was worth a try.} dxe5 35. Qd1) 34... Nxd3 $19 35. Rxd3 Rxc2 36. Rxc2 (36. Rg1 {keeps fighting.}) 36... Qxc2 37. Kh2 Rg6 {[%csl Gg6][%cal Rc2g2]} 38. Rg3 (38. Rd2 $19 Qxb3 39. Qd5 Qg3+ 40. Kg1 Qe3+ 41. Kh1) 38... Rxg3 39. Kxg3 Qc3+ {Weighted Error Value: White=0.44/Black=0.13 (very precise)} 0-1

[Event "Marienbad IM-III 2022"]
[Site "Marianske Lazne"]
[Date "2022.01.18"]
[Round "4.21"]
[White "Jasny, Stanislav"]
[Black "Bubalovic, Davorin"]
[Result "1/2-1/2"]
[WhiteElo "2298"]
[BlackElo "2220"]
[Annotator "TA"]
[PlyCount "35"]
[EventDate "2022.01.15"]
[EventType "tourn"]
[EventCountry "CZE"]
[SourceTitle "playchess.com"]
[Source "ChessBase"]
[SourceQuality "1"]

{[%evp 16,35,19,19,17,0,19,6,19,8,8,12,13,13,21,18,25,16,30,35,27,0]} 1. e4 c5 2. Nf3 d6 3. d4 cxd4 4. Nxd4 Nf6 5. Nc3 a6 6. Be2 e5 7. Nb3 Be7 8. O-O O-O 9. Re1 Be6 {B92: Sicilian Najdorf: 6 Be2.} 10. Bf3 Qc7 11. a4 Rc8 {The position is equal.} 12. Be3 Nbd7 13. a5 h6 14. h3 Bf8 {14...Rab8 is becoming the main line.} 15. Re2 {[#]} b5 $146 ({Predecessor:} 15... Rab8 16. Ba7 {½-½ (24) Harvey,D (2326)-Flory,D (2336) ICCF email 2018}) 16. axb6 $1 Nxb6 17. Na5 Rab8 18. Rd2 {An uneventful encounter.  Weighted Error Value: White=0.04 (flawless) /Black=0.04 (flawless)} 1/2-1/2

[Event "Marienbad IM-III 2022"]
[Site "Marianske Lazne"]
[Date "2022.01.18"]
[Round "4.22"]
[White "Schmider, Niklas"]
[Black "Mannion, Stephen R"]
[Result "1/2-1/2"]
[WhiteElo "2330"]
[BlackElo "2267"]
[Annotator "TA"]
[PlyCount "55"]
[EventDate "2022.01.15"]
[EventType "tourn"]
[EventCountry "CZE"]
[SourceTitle "playchess.com"]
[Source "ChessBase"]
[SourceQuality "1"]

{[%evp 20,55,27,18,27,22,29,29,35,22,32,25,26,27,25,24,17,14,20,25,44,-14,0,-40,-28,-38,-24,-46,-40,-53,-40,-40,-42,-52,-54,-62,-46,-77]} 1. e4 e5 2. Nf3 Nc6 3. Bb5 {[%cal Bf1b5,Bb5a4,Ba4b3][%mdl 32]} a6 4. Ba4 Nf6 5. O-O Be7 6. Re1 b5 7. Bb3 d6 8. c3 {[%cal Bc2c3,Bc3d4,Bd4d5][%mdl 32]} O-O 9. h3 Bb7 $1 {[%mdl 4] is more profitable than 9...Na5 at the moment.} 10. d4 Nd7 11. Nbd2 {[%cal Bb1d2,Bd2f1,Bf1g3][%mdl 32]} exd4 {C92: Closed Ruy Lopez: 9...Be6, Karpov and Flohr-Zaitsev Variations.} 12. cxd4 Bf6 13. Nf1 Na5 {White has an edge.} 14. Bc2 Re8 15. Ng3 g6 $1 {To avoid Nf5} 16. Rb1 c5 17. d5 $1 {To avoid Nc6} Nc4 18. b3 Ncb6 19. Bf4 Ne5 20. Nh2 (20. Bxe5 $14 Bxe5 21. Nxe5 Rxe5 22. Nf1) 20... b4 21. Be3 {[#]} a5 $146 ({Predecessor:} 21... Bg7 22. f4 Ned7 23. Qf3 Rc8 24. Rbd1 c4 25. e5 dxe5 26. f5 e4 27. Bxe4 Nf6 {0-1 (71) Judkovsky,Y (2315)-Arnaudov,P (2442) Livigno 2010}) 22. f4 Ned7 23. Bd3 a4 {Black is slightly better.} 24. Nf3 axb3 25. axb3 Ra2 26. Bf2 Bg7 27. Bb5 Qa8 28. Nf1 {Weighted Error Value: White=0.10 (very precise) /Black=0.03 (flawless)} 1/2-1/2

[Event "Marienbad IM-III 2022"]
[Site "Marianske Lazne"]
[Date "2022.01.18"]
[Round "4.23"]
[White "Kantorik, Marian"]
[Black "Pourquet, Matthieu"]
[Result "1-0"]
[WhiteElo "2209"]
[BlackElo "2169"]
[Annotator "TA"]
[PlyCount "87"]
[EventDate "2022.01.15"]
[EventType "tourn"]
[EventCountry "CZE"]
[SourceTitle "playchess.com"]
[Source "ChessBase"]
[SourceQuality "1"]

{[%evp 14,87,25,28,37,-7,34,0,5,8,25,25,33,10,26,4,38,10,27,-14,0,0,0,-31,-18,-37,-28,-47,-5,-25,-25,-25,-25,-25,-25,-25,-25,-25,-25,-25,-25,-104,-25,-25,-25,-25,-25,-88,-25,-25,-25,-57,-25,-27,-27,-126,0,-65,-25,-25,-25,-54,-25,-54,-16,-25,0,7,0,-79,414,403,628,598,695,676]} 1. d4 Nf6 2. c4 e6 3. Nc3 Bb4 4. e3 Bxc3+ 5. bxc3 b6 6. Bd3 Bb7 7. Nf3 d6 8. O-O c5 {E43: Nimzo-Indian: Rubinstein: 4...b6.} 9. Qc2 (9. Nd2 $14 {was preferrable.}) 9... Nc6 (9... Bxf3 $11 10. gxf3 Nc6) 10. a3 {[#]} Qe7 $146 {The position is equal.} ({Predecessor:} 10... O-O 11. e4 cxd4 12. cxd4 e5 13. d5 Ne7 14. Bg5 Nd7 15. Qe2 h6 16. Bh4 f6 {1-0 (30) Leontiev,O (1971)-Chandler,P (2097) Eschborn 2016}) 11. e4 e5 12. d5 Na5 13. Nh4 g6 {[%cal Of6e4] Prevents Nf5.} 14. g3 (14. Qa4+ {is interesting.} Qd7 15. Qd1 Qg4 16. Nf3 Nh5 17. h3) 14... Nd7 15. Ng2 Ba6 16. Ne3 (16. Qe2 $142) 16... h5 $11 {[%cal Bh7h5,Bh5h4][%mdl 32]} 17. Rb1 O-O-O 18. Qe2 h4 19. g4 h3 20. Kh1 Nf6 (20... Nf8 $15) 21. Rg1 Nh7 22. Rg3 Ng5 23. Nc2 f6 24. Bd2 Kb8 25. Ne3 Rdf8 26. Qf1 Qd7 {[%cal Og5e4]} 27. Qd1 {[#]} (27. f3 $11 {keeps the balance.}) 27... Rh7 (27... Nxe4 $1 $17 {[%mdl 512]} 28. Bxe4 f5 29. gxf5 gxf5 30. Nxf5 Rxf5) 28. Qc2 Rh4 29. Qd1 Nf7 30. Qc2 (30. f3 $11) 30... Bc8 (30... g5 $17) 31. Qd1 Qe8 32. Bc2 Bd7 (32... Nh6 $5 {[%cal Rf6f5]}) 33. Qf1 Ng5 {[%cal Og5e4]} 34. Qd1 {[#]} (34. Qe2 $11) 34... Nf7 {Pair of Knights!} (34... Nxe4 $1 $17 {[%mdl 512]} 35. Bxe4 f5) 35. Qf1 $15 Rfh8 36. Qd1 Nh6 37. Qe2 Qc8 {[%cal Rh6g4]} 38. Rbg1 Rf8 39. f3 {[%cal Bf2f3,Bf3f4][%mdl 32]} f5 40. gxf5 gxf5 {Hoping for ...f4.} 41. Rg6 {[#]} (41. Be1 $11 {remains equal.} fxe4 42. fxe4) 41... Nb7 $2 {[%mdl 8192]} (41... f4 $1 $17 {[%cal Rf4e3] stays on course.} 42. Nd1 Rg8) 42. Be1 $18 Rh5 (42... Qd8 $142 43. Bxh4 Qxh4 44. Nxf5 Nxf5 45. exf5 Bc8) 43. f4 $1 Ng4 {[%cal Og4e3]} 44. Nxf5 {Weighted Error Value: White=0.23 (precise) /Black=0.50} ({Weaker is} 44. Nxg4 fxg4 45. f5 Rh7 46. R1xg4 (46. Qxg4 Be8 $18) 46... Rfh8 $18) 1-0

[Event "Marienbad IM-III 2022"]
[Site "Marianske Lazne"]
[Date "2022.01.18"]
[Round "4.25"]
[White "Dev, Shah"]
[Black "Krawczyk, Flawian"]
[Result "1/2-1/2"]
[WhiteElo "2243"]
[BlackElo "2114"]
[Annotator "TA"]
[PlyCount "125"]
[EventDate "2022.01.15"]
[EventType "tourn"]
[EventCountry "CZE"]
[SourceTitle "playchess.com"]
[Source "ChessBase"]
[SourceQuality "1"]

{[%evp 17,125,21,39,32,26,22,47,30,29,27,34,31,38,39,31,0,0,0,0,0,0,0,20,0,63,-25,-30,-25,0,0,0,0,0,0,21,0,108,88,102,0,0,0,11,11,17,0,0,0,0,0,0,0,0,0,0,0,1,0,0,0,0,0,0,0,0,0,0,0,0,0,0,0,0,-8,-8,-8,-8,-27,-8,-8,-8,-8,0,0,0,0,0,0,0,0,0,0,0,0,0,0,0,0,0,0,8,8,14,14,14,10,16,-8,-8,-8]} 1. d4 Nf6 2. c4 g6 3. Nc3 Bg7 4. Nf3 O-O 5. g3 d6 6. Bg2 Nc6 7. O-O e5 8. dxe5 dxe5 $1 {The main line 8...dxe5 scores better than 8...Nxe5.} 9. Bg5 Be6 10. Qc1 {E62: King's Indian: Fianchetto: 6...c6 and Panno Variation (6...Nc6) without ...a6.} Qc8 11. Rd1 Nd7 12. Nd5 {White is slightly better.} f6 13. Bh6 Re8 14. Bxg7 Kxg7 15. Qc3 Nd8 {[#]} 16. e4 $146 ({Predecessor:} 16. Nd2 c6 17. Ne3 Nf7 18. Ne4 Qc7 19. c5 Rad8 20. b4 Nf8 21. a4 Rxd1+ 22. Rxd1 {1-0 (55) Bocharov,D (2524)-Kamsky,G (2674) Chess.com INT 2020}) 16... c6 17. Ne3 Nf7 18. Ne1 Qc7 19. Nd3 Rad8 20. f4 Nf8 (20... exf4 $11 21. gxf4 (21. Nxf4 Nde5 $15) 21... Nh6) 21. Rd2 (21. f5 $14) 21... exf4 $11 22. gxf4 Rxd3 23. Rxd3 Qxf4 24. Rf1 Qe5 25. Qd2 Ng5 26. Qf2 (26. Qb4 $5 {[%cal Rb4b7]} Bc8 27. Rd2 $11) 26... Nh3+ (26... Bh3 $11) 27. Bxh3 $16 Bxh3 {[#]} 28. Ng2 (28. Nf5+ $1 $16 {[%mdl 512]} gxf5 29. Rxh3) 28... Bxg2 $11 29. Qxg2 Qxe4 30. Qxe4 Rxe4 {[%mdl 4096] Endgame KRR-KRN} 31. Rb3 Re7 32. c5 f5 33. Rd1 Kf6 34. Rbd3 Ne6 35. Rd6 Kf7 36. b4 g5 37. Rd7 h5 38. Kf2 f4 39. Rxe7+ Kxe7 {KR-KN} 40. Kf3 g4+ 41. Ke4 {[#] Threatens to win with Kf5.} h4 42. Kf5 g3 43. hxg3 hxg3 (43... fxg3 $2 44. Kg4 $18 (44. Re1 Kf7 $14)) 44. Kg4 $1 ({Wrong is} 44. Re1 $2 f3 45. Rxe6+ Kd7 46. Rd6+ Kc8 $19) 44... Kf6 45. Rb1 Ke5 {Strongly threatening ...Nd4.} 46. Re1+ Kd5 {White must now prevent ...Nd4.} 47. Kf3 a6 {...Nd4+ is the strong threat.} 48. a3 {The position is equal.} Nd4+ 49. Kg2 $1 Nf5 50. Kf3 Ne3 51. Rh1 g2 52. Rh5+ Kc4 (52... Kd4 $5 53. Rg5 Nc2 $11) 53. Rg5 Nc2 54. Kxf4 Nxa3 55. Rxg2 Kxb4 56. Rb2+ Kxc5 {Hoping for ...b5.} 57. Rxb7 Nb5 58. Ke3 Kb4 59. Rb6 {[%csl LRa6,LRc6]} a5 60. Rxc6 a4 61. Ra6 a3 62. Rxa3 Nxa3 63. Ke4 {Weighted Error Value: White=0.09 (flawless) /Black=0.09 (flawless)} 1/2-1/2

[Event "Marienbad IM-III 2022"]
[Site "Marianske Lazne"]
[Date "2022.01.18"]
[Round "5.21"]
[White "Krawczyk, Flawian"]
[Black "Jasny, Stanislav"]
[Result "1/2-1/2"]
[WhiteElo "2114"]
[BlackElo "2298"]
[Annotator "TA"]
[PlyCount "53"]
[EventDate "2022.01.15"]
[EventType "tourn"]
[EventCountry "CZE"]
[SourceTitle "playchess.com"]
[Source "ChessBase"]
[SourceQuality "1"]

{[%evp 9,53,27,27,-3,0,0,-9,-13,6,-10,-8,-2,-15,-5,12,18,10,18,17,22,25,-6,32,13,0,2,84,72,85,77,87,35,87,92,69,51,72,17,21,-3,-4,-18,-7,0,-22,-29]} 1. e4 g6 2. d4 Bg7 3. Nc3 d6 4. Be3 a6 5. Nf3 b5 {[%cal Bb7b5,Bb5b4][%mdl 32]} 6. a3 {B06: Modern Defence.} Bb7 7. Bd3 Nd7 {[#]} 8. a4 $146 ({Predecessor:} 8. O-O c5 9. dxc5 Nxc5 10. Bd4 Bxd4 11. Nxd4 Nf6 12. Re1 O-O 13. b4 Ncd7 14. Nb3 Rc8 {½-½ (51) Bartel,M (2616)-Shoker,S (2504) Warsaw 2021}) 8... b4 9. Ne2 Ngf6 10. Ng3 c5 11. c3 O-O {[%cal Oc5c4]} 12. O-O bxc3 13. bxc3 Qa5 14. Bd2 Qc7 15. Qc1 c4 16. Bc2 e5 17. Bh6 Ne8 (17... Rae8 $11 {keeps the balance.}) 18. Bxg7 $16 Nxg7 19. Qh6 {[#] Ng5 is the strong threat.} f6 {Prevents Ng5.} 20. a5 (20. h4 $16) 20... Bc6 ({Better is} 20... d5 $14) 21. h4 Rab8 22. d5 Bb5 23. Nh2 {White is more active.} (23. h5 $16 g5 24. Rfb1) 23... Nc5 $11 {The position is equal.} 24. f4 Nd3 25. Bxd3 cxd3 26. f5 gxf5 ({Much less strong is} 26... Qxc3 27. fxg6 hxg6 28. Qxg6 $14) 27. Nxf5 {Weighted Error Value: White=0.11 (very precise) /Black=0.14 (very precise)} 1/2-1/2